Postavenie makroekonómie a ekonomickej vedy v pokrízovom období

Hodnotenia významných ekonómov (P. Krugman, R. Shiller, J. Trichet, D. Rodrik, B. Eichengreen, J. Bradford DeLong a i.) a ich názory na postavenie ekonomickej vedy v pokrízovom období.

Saved in:
Bibliographic Details
Main Author: Muchová, Eva, 1961-
Format: Book Chapter
Language:Slovak
Subjects:
Tags: Add Tag
No Tags, Be the first to tag this record!

MARC

LEADER 00000nla a2200000 4500
001 0179336
005 20240502073040.1
041 0 |a slo 
044 |a SK 
245 1 0 |a Postavenie makroekonómie a ekonomickej vedy v pokrízovom období  |c Eva Muchová 
520 |a Hodnotenia významných ekonómov (P. Krugman, R. Shiller, J. Trichet, D. Rodrik, B. Eichengreen, J. Bradford DeLong a i.) a ich názory na postavenie ekonomickej vedy v pokrízovom období. 
610 2 0 |a veda ekonomická 
610 2 0 |a myslenie ekonomické 
610 2 0 |a vedomie ekonomické 
610 2 0 |a kríza 
610 2 0 |a makroekonomika 
610 2 0 |a ekonómovia 
100 1 |a Muchová, Eva, 1961-